Minería en Colombia : (Registro nro. 8094)
[ vista simple ]
| 000 -CABECERA | |
|---|---|
| Campo de control | 01731nam a22003497a 4500 |
| 005 - FECHA Y HORA DE LA ULTIMA TRANSACCION | |
| Campo de control | 20200203162336.0 |
| 008 - ELEMENTOS DE LONGITUD FIJA—INFORMACION GENERAL | |
| Campo de control | 140117b2013 ck ||||| ||||o00| 0 spa d |
| 020 ## - ISBN | |
| ISBN | 9789589351895 |
| 040 ## - FUENTE DE CATALOGACIÓN | |
| Agencia catalogadora original | CO-BoIAVH |
| Agencia transcriptora | CO-BoIAVH |
| 041 0# - IDIOMA | |
| Código de idioma para texto/pista de sonido o título separado | Español |
| 044 ## - PAÍS DE PUBLICACIÓN | |
| País de publicación | Colombia |
| 082 04 - NUMERO DE CLASIFICACION DECIMAL DEWEY | |
| Número de clasificación | 622.0986 |
| Número del ítem | C76m1 |
| 245 00 - MENCION DE TITULO | |
| Título | Minería en Colombia : |
| Parte restante del título | derechos, políticas públicas y gobernanza / |
| Mención de responsabilidad | Luis Jorge Garay ..[et al.] |
| 260 ## - PUBLICACION, DISTRIBUCION, ETC. (PIE DE IMPRENTA) | |
| Lugar de publicación, distribución, etc. | Bogotá |
| Nombre del editor, distribuidor, etc. | Contraloría General de la República |
| Fecha de publicación, distribución, etc. | 2013. |
| 300 ## - DESCRIPCION FISICA | |
| Extensión | 211 p. |
| Otros detalles físicos | il., tablas, mapas |
| Dimensiones | 25 cm. |
| 504 ## - NOTA DE BIBLIOGRAFIA, ETC. | |
| Nota de bibliografía | Incluye referencias bibliográficas e índice. |
| 505 ## - NOTA DE CONTENIDO | |
| Nota de contenido | Introducción. Globaización/glocalización, soberanía y gobernanza. A propósito del cambio climático y extractivismo minero. (pag. 9) |
| 505 ## - NOTA DE CONTENIDO | |
| Nota de contenido | Cap. 1 Derechos, minería y conflictos. Aspectos normativos. (pag. 23) |
| 505 ## - NOTA DE CONTENIDO | |
| Nota de contenido | Cap. 2 Minería, conflicto armado y despojo de tierras: impactos, desafíos y posibles soluciones jurídicas. (pag. 57) |
| 505 ## - NOTA DE CONTENIDO | |
| Nota de contenido | Cap. 3 Implicaciones ambientales y sociales del modelo extractivista en Colombia (pag. 89) |
| 505 ## - NOTA DE CONTENIDO | |
| Nota de contenido | Cap. 4 Participación del estado y la sociedad en la renta minera (pag. 125) |
| 505 ## - NOTA DE CONTENIDO | |
| Nota de contenido | Cap. 5 Propuestas para recuperar la gobernanza del sector minero colombiano (pag. 177) |
| 650 14 - ASIENTO SECUNDARIO DE MATERIA - TERMINO TEMATICO | |
| Término temático o nombre geográfico como elemento de entrada | Geopolítica |
| Subdivisión geográfica | Colombia |
| 650 24 - ASIENTO SECUNDARIO DE MATERIA - TERMINO TEMATICO | |
| Término temático o nombre geográfico como elemento de entrada | Territorio nacional |
| Subdivisión geográfica | Colombia |
| 650 24 - ASIENTO SECUNDARIO DE MATERIA - TERMINO TEMATICO | |
| Término temático o nombre geográfico como elemento de entrada | Política minera |
| Subdivisión geográfica | Colombia |
| 650 24 - ASIENTO SECUNDARIO DE MATERIA - TERMINO TEMATICO | |
| Término temático o nombre geográfico como elemento de entrada | Derecho minero |
| Subdivisión general | Legislación |
| Subdivisión geográfica | Colombia |
| 650 24 - ASIENTO SECUNDARIO DE MATERIA - TERMINO TEMATICO | |
| Término temático o nombre geográfico como elemento de entrada | Luchas sociales |
| Subdivisión geográfica | Colombia |
| 700 1# - ASIENTO SECUNDARIO - NOMBRE PERSONAL | |
| Nombre personal | Garay-Salamanca, Luis Jorge |
| Término de relación | Dir. Proyecto |
| 700 1# - ASIENTO SECUNDARIO - NOMBRE PERSONAL | |
| Nombre personal | Cabrera-Leal, Mauricio |
| Término de relación | Ed. |
| 700 1# - ASIENTO SECUNDARIO - NOMBRE PERSONAL | |
| Nombre personal | Espitia-Zamora, Jorge Enrique |
| Término de relación | Ed- |
| 942 ## - ELEMENTOS ADICIONALES (KOHA) | |
| Sistema de clasificación | Dewey Decimal Classification |
| Tipo de ítem | Libro |
| Withdrawn status | Lost status | Sistema de Clasificación | Damaged status | No para préstamo | Colección | Inventariado | Ubicación Permanente | Ubicación actual | Fecha de adquisición | Fuente de Valor | Valor | Total Checkouts | Número topográfico | Inventario / Código de Barras | Date last seen | Date checked out | Ejemplar | Price effective from | Forma de adquisición | Tipo de material |
|---|---|---|---|---|---|---|---|---|---|---|---|---|---|---|---|---|---|---|---|---|
| Dewey Decimal Classification | General | Inventariado 2017 | Bogotá | Bogotá | 17/01/2014 | Instituto | 39000.00 | 3 | LB-622.0986 C76m | 059663 | 04/10/2017 | 04/10/2017 | Ej. 1 | 17/01/2014 | Donación | Libro | ||||
| Dewey Decimal Classification | General | Inventariado 2017 | Bogotá | Bogotá | 04/03/2017 | Instituto | 39000.00 | LB-622.0986 C76m | 041063 | 04/03/2017 | Ej. 2 | 04/03/2017 | Donación | Libro | ||||||
| Dewey Decimal Classification | General | Bogotá | Bogotá | 03/02/2020 | LB-622.0986 C76m | 044072 | 03/02/2020 | Ej. 3 | 03/02/2020 | Donación | Libro |